00517cam a22001572 4500001001100000005001700011008004100028020001700069040001500086050002100101100003000122245010600152260003100258300001200289650005800301000000486420151217155826.0070530s xx 000 0 eng d a0950643203 : aKABUcKABU 0aR722.32b.C66F671 aFoster, W. D.@000015574714aThe Church Missionary Society and modern medicine in Uganda :bthe life of Sir Albert Cook 1870-1951. aLondon :bNewhaven,c1978. a234 p. 0aMissionaries, medicalzUgandaxBiography.@0000155752